| 000 | 00833nab a2200253 u 4500 | ||
|---|---|---|---|
| 001 | 17271 | ||
| 003 | HDC | ||
| 007 | cr bn ---aaaaa | ||
| 008 | 210223c20121123xx dr|noo 0 a eng d | ||
| 040 | _aHDC | ||
| 100 |
_aGooch, Liz _eauthor _916745 |
||
| 245 | 0 |
_aMalaysia hotels cater to Muslim tourists / by _cLiz Gooch |
|
| 260 |
_a[No place] : _b[publisher not identified], _c2012 |
||
| 336 |
_atext _2rdacontent |
||
| 337 |
_acomputer _2rdamedia |
||
| 338 |
_aonline resource _2rdacarrier |
||
| 650 |
_aMuslim tourists _9483 |
||
| 650 |
_aTourism industry _92298 |
||
| 710 | _aHalal Focus | ||
| 856 | _zRequest full-text at [email protected] | ||
| 942 | _2lcc | ||
| 942 | _cNEWS | ||
| 942 | _kNWSO 005873 | ||
| 999 |
_c14587 _d14587 |
||